[Event "40th World Junior Girls"]
[Site "Gandhinagar IND"]
[Date "2024.06.05"]
[Round "4.39"]
[White "Disha U A"]
[Black "Sindhusree K"]
[Result "1/2-1/2"]
[WhiteElo "1660"]
[BlackElo "1846"]
[WhiteFideId "25915622"]
[BlackFideId "46616411"]
[EventDate "2024.06.02"]

1. d4 Nf6 2. Nc3 d5 3. Bf4 c5 4. e4 Nxe4 5. Nxe4 dxe4 6. dxc5 Qa5+ 7. c3 Qxc5 8.
Qa4+ Nc6 9. Qxe4 Bf5 10. Qe3 e5 11. Nf3 O-O-O 12. Qxc5 Bxc5 13. Be3 Bxe3 14.
fxe3 f6 15. Be2 g5 16. Nd2 Be6 17. Ne4 Rhf8 18. Rf1 Bd5 19. Bg4+ Kc7 20. Nxf6
Bxg2 21. Rf2 e4 22. Nxh7 Rxf2 23. Kxf2 Rd2+ 24. Kg3 Bf3 25. Bxf3 exf3 26. Kxf3
Rxh2 27. Nxg5 Rxb2 28. Ke4 a5 29. Ne6+ Kd6 30. Nd4 a4 31. Nxc6 Kxc6 32. a3 Rd2
33. c4 b6 34. Rc1 Kc5 35. Rc3 Rd1 36. Ke5 Rd2 37. Ke4 Rd1 38. Ke5 Rd2 39. Ke4 1/2-1/2

[Event "40th World Junior Girls"]
[Site "Gandhinagar IND"]
[Date "2024.06.05"]
[Round "4.40"]
[White "Cumacenko, Saule"]
[Black "Koksa, Jelena"]
[Result "0-1"]
[WhiteElo "1595"]
[BlackElo "1842"]
[WhiteFideId "12835560"]
[BlackFideId "14544776"]
[EventDate "2024.06.02"]

1. e4 c5 2. Nf3 d6 3. Bb5+ Bd7 4. Bxd7+ Nxd7 5. c3 Ngf6 6. Qc2 Qc7 7. O-O g6 8.
d3 Bg7 9. Be3 O-O 10. Nbd2 e6 11. Rac1 d5 12. exd5 exd5 13. h3 Rfe8 14. d4 c4
15. b3 b5 16. Rfe1 Nh5 17. a4 a6 18. Nh2 Nf4 19. Bxf4 Qxf4 20. Ndf3 Nf6 21. g3
Qd6 22. Ne5 Ne4 23. bxc4 bxc4 24. Nxc4 Qc6 25. Na3 Rac8 26. Re3 Qd7 27. Kg2 Bxd4
28. Rd3 Bxc3 29. Qb3 d4 30. Nb1 Nc5 31. Qd1 Nxd3 32. Qxd3 Qxa4 33. Ng4 Qc6+ 34.
Kh2 h5 35. Nxc3 hxg4 36. Ne2 Qf3 37. Rxc8 Qxf2+ 38. Kh1 Rxc8 39. Qe4 gxh3 40.
Qb7 Re8 41. Ng1 Re1 42. Qb8+ Kg7 0-1

[Event "40th World Junior Girls"]
[Site "Gandhinagar IND"]
[Date "2024.06.05"]
[Round "4.41"]
[White "Brito Carrascal, Isabela"]
[Black "Banker Reya"]
[Result "1-0"]
[WhiteElo "1810"]
[BlackElo "1421"]
[WhiteFideId "4456122"]
[BlackFideId "25146491"]
[EventDate "2024.06.02"]

1. e4 c5 2. Nf3 g6 3. d4 Bg7 4. c3 cxd4 5. cxd4 d6 6. Nc3 Nc6 7. Be3 Bg4 8. Be2
Bxf3 9. Bxf3 Qb6 10. O-O Nxd4 11. Nd5 Nxf3+ 12. Qxf3 Qd8 13. Rac1 Rc8 14. Rxc8
Qxc8 15. Rc1 Qd7 16. Rc7 Qa4 17. g3 f6 18. Rxb7 1-0

[Event "40th World Junior Girls"]
[Site "Gandhinagar IND"]
[Date "2024.06.05"]
[Round "4.42"]
[White "Anushka Gupta"]
[Black "ANDHIN, tehjha Nidhi"]
[Result "1-0"]
[WhiteElo "1766"]
[BlackElo "1361"]
[WhiteFideId "25660802"]
[BlackFideId "9700510"]
[EventDate "2024.06.02"]

1. e4 d5 2. exd5 Qxd5 3. Nc3 Qa5 4. d4 c6 5. Nf3 Nf6 6. Bc4 b5 7. Bb3 Bg4 8. h3
Bh5 9. O-O e6 10. Qd3 Be7 11. Ne5 O-O 12. Ne2 Rd8 13. Nf4 c5 14. Nxh5 Nxh5 15.
Qf3 f6 16. Bxe6+ Kh8 17. Nf7+ Kg8 18. Nxd8+ Kf8 19. Qxh5 1-0

[Event "40th World Junior Girls"]
[Site "Gandhinagar IND"]
[Date "2024.06.05"]
[Round "4.43"]
[White "Aditri Shome"]
[Black "Peglau, Charis"]
[Result "0-1"]
[BlackTitle "WFM"]
[WhiteElo "1620"]
[BlackElo "2088"]
[WhiteFideId "25164198"]
[BlackFideId "16219996"]
[EventDate "2024.06.02"]

1. d4 d6 2. c4 e5 3. dxe5 dxe5 4. Qxd8+ Kxd8 5. Nc3 Be6 6. e4 Nd7 7. Be3 c6 8.
Nf3 f6 9. O-O-O Kc7 10. Nd2 a5 11. g3 Bc5 12. Bxc5 Nxc5 13. Be2 Nh6 14. f4 Bg4
15. Nf3 Rhe8 16. h3 Bxf3 17. Bxf3 Nf7 18. b3 Rad8 19. Rxd8 Rxd8 20. Rd1 exf4 21.
Rxd8 Kxd8 22. gxf4 Nd3+ 23. Kd2 Nxf4 24. Bg4 Ne5 25. Ke3 Nxg4+ 26. hxg4 Ng6 27.
Ne2 Kd7 28. Ng3 Nf8 29. Nh5 Ne6 30. a3 Kd6 31. b4 axb4 32. axb4 Ke5 33. Ng3 g6
34. Ne2 h5 35. gxh5 gxh5 36. Ng3 Ng7 37. Ne2 f5 38. exf5 Nxf5+ 39. Kd3 h4 40.
Ng1 Kf4 41. Nh3+ Kf3 42. Ng5+ Kg4 43. Ne4 Kf4 44. Nf2 Ng7 45. Nh3+ Kf5 46. Ke3
Ne6 47. Nf2 Ng5 48. b5 c5 49. b6 h3 50. Kd3 Kf4 51. Kc3 Ne4+ 0-1

[Event "40th World Junior Girls"]
[Site "Gandhinagar IND"]
[Date "2024.06.05"]
[Round "4.44"]
[White "Sagar, Siya"]
[Black "Cassi, Elisa"]
[Result "0-1"]
[BlackTitle "WFM"]
[WhiteElo "1732"]
[BlackElo "2028"]
[WhiteFideId "25098160"]
[BlackFideId "2817220"]
[EventDate "2024.06.02"]

1. e4 c6 2. d4 d5 3. Nc3 dxe4 4. Nxe4 Nf6 5. Nxf6+ exf6 6. c3 Bd6 7. Bd3 O-O 8.
Ne2 Re8 9. O-O Nd7 10. Bf4 Nf8 11. Qd2 Be6 12. Rfe1 Qc7 13. Bxd6 Qxd6 14. Ng3 g6
15. Ne4 Qd8 16. Nc5 b6 17. Nxe6 Nxe6 18. Bc4 Nc7 19. Qf4 Kg7 20. Rxe8 Nxe8 21.
Re1 Qd7 22. Re3 Nd6 23. Bd3 b5 24. Rh3 h5 25. Re3 a5 26. Qf3 a4 27. Qe2 Ra7 28.
h3 Nc8 29. Rg3 Qd5 30. a3 Re7 31. Re3 Qd6 32. Rxe7 Nxe7 33. Be4 Nc8 34. Bf3 f5
35. Kf1 Kf6 36. Qe8 Ne7 37. Qh8+ Ke6 38. Qh6 Qh2 39. Qe3+ Kd7 40. Ke2 Qd6 41.
Qd3 Qe6+ 42. Qe3 Qb3 43. Qd2 Nc8 44. Kf1 Nd6 45. Be2 Qd5 46. Bf3 Qa2 47. g4 hxg4
48. hxg4 0-1

[Event "40th World Junior Girls"]
[Site "Gandhinagar IND"]
[Date "2024.06.05"]
[Round "4.45"]
[White "Radhika Sharma"]
[Black "Sasvatha A"]
[Result "0-1"]
[BlackTitle "WCM"]
[WhiteElo "1651"]
[BlackElo "1825"]
[WhiteFideId "33398666"]
[BlackFideId "45010862"]
[EventDate "2024.06.02"]

1. Nf3 d5 2. g3 Nf6 3. Bg2 Bf5 4. c4 c6 5. O-O e6 6. Nh4 Be4 7. Nf3 h6 8. d3 Bh7
9. Qb3 Qb6 10. Be3 Qxb3 11. axb3 a6 12. cxd5 exd5 13. Nc3 Nbd7 14. Ra4 Rd8 15.
Nd2 Nc5 16. Bxc5 Bxc5 17. b4 Be7 18. Nb3 Nd7 19. Na2 O-O 20. Rc1 Rfe8 21. Kf1
Bf6 22. Nc3 Be7 23. Na2 Nb6 24. Ra3 Bd6 25. Nc5 Re7 26. Nc3 f5 27. b3 Rf8 28.
Ra2 f4 29. Kg1 Bf5 30. N3a4 Nc8 31. Bf3 Na7 32. g4 Bc8 33. Nc3 Be5 34. Kg2 Kh7
35. h3 Rfe8 36. Rcc2 Bd4 37. Kf1 Be5 38. Kg2 g5 39. Kf1 Bd4 40. Kg2 Nb5 41. Nxb5
axb5 42. Ra8 Kg7 43. Rc1 Bxc5 44. bxc5 Bxg4 45. Ra2 Bf5 46. Rca1 Kg6 47. Kg1 h5
48. Kh2 Kh6 49. Rd1 Rg8 0-1

[Event "40th World Junior Girls"]
[Site "Gandhinagar IND"]
[Date "2024.06.05"]
[Round "4.46"]
[White "Hasini, Kamabathula"]
[Black "Asudani Ruhani Raj"]
[Result "1-0"]
[WhiteElo "1758"]
[BlackElo "1645"]
[WhiteFideId "25712837"]
[BlackFideId "25697463"]
[EventDate "2024.06.02"]

1. e4 c5 2. Nf3 Nc6 3. d4 cxd4 4. Nxd4 e5 5. Nb5 d6 6. N1c3 a6 7. Na3 Be7 8. Nc4
b5 9. Ne3 Be6 10. Bd3 Nf6 11. O-O O-O 12. a3 Nd7 13. Be2 Nd4 14. Bg4 f5 15. exf5
Nxf5 16. Bxf5 Bxf5 17. Nxf5 Rxf5 18. Qd5+ Kh8 19. Ne4 Nf6 20. Qe6 Qc8 21. Qxc8+
Rxc8 22. Ng3 Rf4 23. Bxf4 exf4 24. Nf5 Bf8 25. c3 d5 26. Rad1 Bc5 27. Rfe1 Ne4
28. Nd4 a5 29. f3 Nf6 30. Kf1 b4 31. axb4 axb4 32. cxb4 Bxb4 33. Rc1 Ra8 34.
Red1 h6 35. Ne6 Ra2 36. Nxf4 Rxb2 37. Rb1 Rxb1 38. Rxb1 Bd6 39. Ne6 Bxh2 40. Rb7
g5 41. Rf7 Be5 42. g4 Kg8 43. Re7 Bc3 44. Ke2 Nh7 45. Kd3 Bb2 46. Rd7 Nf6 47.
Rg7+ Kh8 48. Rg6 Kh7 49. Nf8+ Kh8 50. Rxh6+ Kg7 51. Rh2 Be5 52. Ne6+ Kg6 53. Re2
Bd6 54. Nd4 Bf4 55. Ne6 Bd6 56. Kd4 Bb8 57. Nf8+ Kf7 58. Ne6 Kg6 59. Kc5 Ba7+
60. Kd6 Bb8+ 61. Kc6 Bg3 62. Nc7 Bf4 63. Nxd5 Nxd5 64. Kxd5 Kf6 65. Re6+ Kf7 66.
Ra6 Be3 67. Ke4 Bf4 68. Kf5 Be3 69. Rg6 Bd2 70. Rxg5 Bxg5 71. Kxg5 1-0

[Event "40th World Junior Girls"]
[Site "Gandhinagar IND"]
[Date "2024.06.05"]
[Round "4.47"]
[White "Prakash Vaishnavi"]
[Black "Fang, Kun"]
[Result "0-1"]
[BlackTitle "WCM"]
[WhiteElo "1632"]
[BlackElo "1803"]
[WhiteFideId "46660445"]
[BlackFideId "5819660"]
[EventDate "2024.06.02"]

1. e4 e5 2. Nf3 Nc6 3. Bc4 Bc5 4. d3 Nf6 5. Nc3 d6 6. Be3 Bb6 7. h3 h6 8. O-O
O-O 9. Bb3 Ne7 10. d4 Ng6 11. dxe5 dxe5 12. Qxd8 Rxd8 13. Bxb6 axb6 14. Rad1 Bd7
15. Nh2 Bc6 16. f3 Kf8 17. a3 Nf4 18. Rfe1 h5 19. Nf1 Nd7 20. Ne3 Nc5 21. Bd5 g6
22. Kf2 b5 23. Bxc6 bxc6 24. Rxd8+ Rxd8 25. Rd1 Ra8 26. Rd2 Ke7 27. Na2 Rb8 28.
Nb4 Rb6 29. h4 Na6 30. Na2 Rb8 31. Nc1 Ne6 32. Nd3 f6 33. g3 Rd8 34. Rd1 c5 35.
Nc1 Re8 36. Ne2 Nd4 37. c3 Nb3 38. Nc1 Nxc1 39. Rxc1 c4 40. Rd1 c6 41. Ng2 Nc5
42. Ne1 Na4 43. Rb1 Rd8 44. Ke2 f5 45. exf5 gxf5 46. Ng2 Rd3 47. Rd1 Nxb2 48.
Rxd3 cxd3+ 49. Kd2 e4 50. fxe4 fxe4 51. Ne3 Nc4+ 52. Nxc4 bxc4 53. a4 Kd6 54.
Ke1 e3 55. Kf1 d2 56. Ke2 Kc7 57. g4 hxg4 58. h5 g3 59. h6 g2 0-1

[Event "40th World Junior Girls"]
[Site "Gandhinagar IND"]
[Date "2024.06.05"]
[Round "4.48"]
[White "Kirtadze, Anastasia"]
[Black "Falak Joni Naik"]
[Result "1-0"]
[WhiteTitle "WFM"]
[WhiteElo "2142"]
[BlackElo "1653"]
[WhiteFideId "13622714"]
[BlackFideId "45069310"]
[EventDate "2024.06.02"]

1. e4 d5 2. exd5 Nf6 3. d4 Bg4 4. f3 Bf5 5. g4 Bg6 6. c4 e6 7. Nc3 exd5 8. g5
Nfd7 9. Nxd5 Nb6 10. Qe2+ Be7 11. Nxe7 Qxe7 12. Qxe7+ Kxe7 13. Bd2 Nc6 14. O-O-O
a5 15. Bc3 Nb4 16. a3 Na2+ 17. Kd2 Na4 18. Re1+ Kd7 19. Bh3+ Kd6 20. f4 Rhe8 21.
c5+ Kd5 22. Rxe8 Rxe8 23. Bd7 Re7 24. Bxa4 Nxc3 25. bxc3 Be4 26. Nf3 Bxf3 27.
Rf1 Re2+ 28. Kd3 Bh5 29. f5 b5 30. Bxb5 Rd2+ 31. Kxd2 1-0

[Event "40th World Junior Girls"]
[Site "Gandhinagar IND"]
[Date "2024.06.05"]
[Round "4.49"]
[White "Aashi Upadhyay"]
[Black "Zarkym, Ailin"]
[Result "0-1"]
[WhiteElo "1653"]
[BlackElo "1721"]
[WhiteFideId "25620789"]
[BlackFideId "13753207"]
[EventDate "2024.06.02"]

1. e4 c5 2. Nc3 Nc6 3. f4 g6 4. Nf3 Bg7 5. Bb5 Nd4 6. O-O Nxb5 7. Nxb5 d5 8. d3
Nf6 9. Qe1 O-O 10. Nc3 d4 11. Ne2 a5 12. Ne5 a4 13. a3 b5 14. Qh4 c4 15. f5 Bb7
16. Bh6 Qd6 17. Bf4 Qc5 18. Ng4 Nxg4 19. Qxg4 Bxe4 20. dxe4 d3+ 21. Kh1 dxe2 22.
Qxe2 Bxb2 23. Be3 Bd4 24. Bxd4 Qxd4 25. e5 gxf5 26. Rad1 Qg4 27. Rf3 Kh8 28. Qf2
Ra6 29. h3 Rh6 30. Rd4 Qg6 31. Rxf5 Qe6 32. Rdf4 Qd5 33. Kg1 Rg6 34. e6 Qxe6 35.
Rxf7 Rxf7 36. Rxf7 Rf6 37. Rf8+ Kg7 38. Rxf6 exf6 39. Qg3+ Kf7 40. Qc7+ Qe7 41.
Qc6 Qxa3 42. Qd5+ Ke7 43. Qe4+ Kf8 44. Qxh7 Qe3+ 45. Kh2 Qf4+ 46. Kg1 Qe3+ 47.
Kh2 Qe5+ 48. Kg1 a3 49. Qh8+ Kf7 0-1

[Event "40th World Junior Girls"]
[Site "Gandhinagar IND"]
[Date "2024.06.06"]
[Round "5.1"]
[White "Divya, Deshmukh"]
[Black "Abdinova, Narmin"]
[Result "1-0"]
[WhiteTitle "IM"]
[WhiteElo "2456"]
[BlackElo "2121"]
[WhiteFideId "35006916"]
[BlackFideId "13425340"]
[EventDate "2024.06.02"]

1. c4 c5 2. Nf3 Nf6 3. Nc3 d5 4. cxd5 Nxd5 5. e3 Nc6 6. Bb5 e6 7. Ne5 Bd7 8.
Nxc6 Bxc6 9. Bxc6+ bxc6 10. b3 Nb4 11. O-O Qd3 12. Bb2 Rd8 13. a3 Qxd2 14. axb4
Qxb2 15. Qf3 Qxc3 16. Qxc6+ Ke7 17. Rxa7+ Kf6 18. Qc7 Bd6 19. Qxf7+ Kg5 20. f4+
Kh6 21. Qxe6+ Qf6 22. Qh3+ Kg6 23. Qg4+ Kh6 24. Rf3 g5 25. Qh3+ Kg6 26. f5+ Qxf5
27. Qxf5+ Kh6 28. Rh3# 1-0

[Event "40th World Junior Girls"]
[Site "Gandhinagar IND"]
[Date "2024.06.06"]
[Round "5.2"]
[White "Mkrtchyan, Mariam"]
[Black "Kashthuri, Bhai R"]
[Result "1/2-1/2"]
[WhiteTitle "WIM"]
[WhiteElo "2300"]
[BlackElo "1765"]
[WhiteFideId "13310828"]
[BlackFideId "25611607"]
[EventDate "2024.06.02"]

1. d4 Nf6 2. c4 e6 3. Nf3 b6 4. g3 Bb7 5. Bg2 Bb4+ 6. Bd2 Bxd2+ 7. Nbxd2 d6 8.
O-O O-O 9. b4 Nbd7 10. b5 Ne4 11. Nb3 f5 12. Qc2 Ndf6 13. c5 Bd5 14. Nfd2 dxc5
15. dxc5 Nxd2 16. Nxd2 Bxg2 17. Kxg2 bxc5 18. Rfd1 c6 19. Qxc5 cxb5 20. Qxb5
Qd5+ 21. Qxd5 Nxd5 22. Nb3 Rfd8 23. Rd2 Kf7 24. Rad1 Rd6 25. Kf1 Rad8 26. Ke1
Ke7 27. Rc1 Nb4 28. Rb2 Rb6 29. f3 h6 30. Rc4 Nd5 31. Kf2 g5 32. e4 Nb4 33. Rd2
Rxd2+ 34. Nxd2 Nxa2 35. Rc7+ Kf6 36. Rxa7 1/2-1/2

[Event "40th World Junior Girls"]
[Site "Gandhinagar IND"]
[Date "2024.06.06"]
[Round "5.3"]
[White "Rindhiya, V"]
[Black "Krasteva, Beloslava"]
[Result "1/2-1/2"]
[WhiteTitle "WFM"]
[BlackTitle "FM"]
[WhiteElo "1965"]
[BlackElo "2289"]
[WhiteFideId "25040529"]
[BlackFideId "2922029"]
[EventDate "2024.06.02"]

1. e4 c5 2. Nf3 e6 3. d4 cxd4 4. Nxd4 Nc6 5. Nc3 Qc7 6. Be3 a6 7. Qd2 Nf6 8. f3
b5 9. O-O-O Be7 10. g4 Nxd4 11. Bxd4 Bb7 12. g5 Nh5 13. Be5 Qxe5 14. Qxd7+ Kf8
15. Qxb7 Bxg5+ 16. Kb1 Qb8 17. Rd7 Qxb7 18. Rxb7 Bf6 19. Ne2 g5 20. Bh3 Be5 21.
Rd1 Nf6 22. Nd4 Bxd4 23. Rxd4 h5 24. c4 bxc4 25. Rxc4 g4 26. e5 Nd5 27. fxg4
hxg4 28. Bxg4 Rxh2 29. Bf3 Rd8 30. a4 Rf2 31. Bxd5 Rxd5 32. Rc8+ Kg7 33. Rc6
Rxe5 34. Rxa6 Kg6 35. Rab6 Ra5 36. Rb4 f5 37. R7b5 Ra7 38. Rb7 Rxb7 39. Rxb7 f4
40. a5 Rf1+ 41. Ka2 Rd1 42. a6 Rd6 43. a7 Ra6+ 44. Kb1 f3 45. Rb3 Rxa7 46. Rxf3
Rc7 47. Ka2 e5 48. b4 e4 49. Rf1 Kg5 50. Kb3 e3 51. b5 e2 52. Re1 Re7 53. Kc4
Kf4 54. b6 Ke3 55. Kc5 Kd2 56. Rxe2+ Kxe2 57. Kc6 Kd3 58. b7 Rxb7 59. Kxb7 1/2-1/2

[Event "40th World Junior Girls"]
[Site "Gandhinagar IND"]
[Date "2024.06.06"]
[Round "5.4"]
[White "Norman, Kseniya"]
[Black "Balabayeva, Xeniya"]
[Result "1/2-1/2"]
[BlackTitle "WIM"]
[WhiteElo "2134"]
[BlackElo "2246"]
[WhiteFideId "13518780"]
[BlackFideId "13719688"]
[EventDate "2024.06.02"]

1. Nf3 d5 2. g3 Nf6 3. Bg2 c5 4. O-O Nc6 5. d3 g6 6. Nc3 d4 7. Nb1 Bg7 8. e4 O-O
9. a4 e5 10. Na3 Ne8 11. Ne1 Nd6 12. Nc4 Be6 13. Nxd6 Qxd6 14. f4 f5 15. fxe5
Bxe5 16. Nf3 fxe4 17. Nxe5 Nxe5 18. Bh6 Rxf1+ 19. Qxf1 Ng4 20. Bf4 Qd7 21. Bxe4
Rf8 22. Qe2 g5 23. Bxg5 Rf2 24. Qe1 Rxh2 25. Rd1 Rxc2 26. Rd2 Rxd2 27. Bxd2 b6
28. Bf3 Ne3 29. Bxe3 dxe3 30. Qxe3 Qd4 31. Qxd4 cxd4 32. Kf2 Kg7 33. Be4 Bb3 34.
Kf3 Kf6 35. a5 bxa5 36. Bxh7 Ke5 37. g4 Bd1+ 38. Kg3 Be2 39. Be4 Bd1 40. g5 a4
41. g6 Kf6 42. Kf4 Bb3 43. Bc6 Bc2 44. Ke4 Kxg6 45. Kxd4 Kf6 46. Bb5 Ke7 47. Kc5
Kd8 48. Kc6 Kc8 49. Bc4 Kd8 50. Kb7 Kd7 51. Kxa7 Kc6 52. d4 Bd1 53. Ka6 Bc2 54.
Ka5 Bd1 55. Kb4 Bc2 56. Bb5+ Kd5 57. Bxa4 Bd3 58. Kc3 Ba6 59. Bb3+ Kc6 60. Bc4
Bb7 61. d5+ Kc5 62. b4+ Kd6 63. Kb3 Kc7 64. Kc3 Kd6 65. Kd4 Ba8 66. b5 Bb7 67.
b6 1/2-1/2

[Event "40th World Junior Girls"]
[Site "Gandhinagar IND"]
[Date "2024.06.06"]
[Round "5.5"]
[White "Hryzlova, Sofiia"]
[Black "Allahverdiyeva, Ayan"]
[Result "0-1"]
[WhiteTitle "WIM"]
[BlackTitle "WIM"]
[WhiteElo "2246"]
[BlackElo "2133"]
[WhiteFideId "14174669"]
[BlackFideId "13412590"]
[EventDate "2024.06.02"]

1. d4 Nf6 2. c4 e6 3. g3 c5 4. d5 exd5 5. cxd5 g6 6. Nc3 Bg7 7. Bg2 d6 8. Nf3
O-O 9. O-O Re8 10. Bf4 h6 11. Re1 g5 12. Bd2 Bf5 13. h4 g4 14. Nh2 Qd7 15. e4
Bg6 16. Bf4 Na6 17. Qd2 Kh7 18. Re2 Nh5 19. Rae1 b5 20. Nd1 c4 21. e5 Nxf4 22.
gxf4 Nc5 23. Nc3 dxe5 24. fxe5 Rad8 25. f4 Nd3 26. Rf1 g3 27. Nf3 Qg4 28. Nxb5
Nxf4 29. Nc7 Nxe2+ 30. Qxe2 Rxe5 31. Qd1 Rh5 32. Re1 Bd3 33. Nb5 Rdxd5 34. Ng5+
Rdxg5 35. hxg5 Bd4+ 0-1

[Event "40th World Junior Girls"]
[Site "Gandhinagar IND"]
[Date "2024.06.06"]
[Round "5.6"]
[White "Kurmangaliyeva, Liya"]
[Black "Striskova, Lucia"]
[Result "0-1"]
[WhiteTitle "FM"]
[WhiteElo "2282"]
[BlackElo "2023"]
[WhiteFideId "13725831"]
[BlackFideId "14960958"]
[EventDate "2024.06.02"]

1. e4 e5 2. Nf3 Nc6 3. Bc4 Nf6 4. d3 Bc5 5. c3 a6 6. a4 d6 7. O-O Ba7 8. Nbd2 h6
9. Re1 O-O 10. h3 Be6 11. Bxe6 fxe6 12. b4 Qe8 13. Nf1 Nh5 14. Ra2 Nf4 15. Bxf4
Rxf4 16. N1h2 Ne7 17. g3 Qg6 18. Kh1 Rf7 19. d4 exd4 20. cxd4 Raf8 21. Rc2 c6
22. Kg2 Kh8 23. Qd3 Nd5 24. Qf1 Nxb4 25. Rb2 a5 26. Qc4 Rf6 27. Nh4 Qf7 28. Ng4
g5 29. e5 dxe5 30. dxe5 Rxf2+ 31. Rxf2 Bxf2 32. Rf1 Nd5 33. Qe4 gxh4 34. Rxf2
Qg7 35. Rxf8+ Qxf8 36. Qg6 hxg3 37. Kg1 Qc5+ 0-1

[Event "40th World Junior Girls"]
[Site "Gandhinagar IND"]
[Date "2024.06.06"]
[Round "5.7"]
[White "Tejaswini G"]
[Black "Wikar, Martyna"]
[Result "0-1"]
[WhiteTitle "WIM"]
[BlackTitle "WIM"]
[WhiteElo "2059"]
[BlackElo "2272"]
[WhiteFideId "25749978"]
[BlackFideId "21807663"]
[EventDate "2024.06.02"]

1. d4 Nf6 2. c4 e6 3. Nc3 Bb4 4. e3 O-O 5. Bd2 b6 6. Nf3 Bb7 7. Bd3 d6 8. O-O
Nbd7 9. b3 e5 10. Ne1 c5 11. a3 Bxc3 12. Bxc3 Qe7 13. Nc2 Ne4 14. Bb2 f5 15. d5
Rae8 16. a4 Qh4 17. Qe1 Qh5 18. Be2 Qg6 19. f3 Ng5 20. a5 f4 21. e4 Qh5 22. h4
Rf6 23. hxg5 Qxg5 24. Bd3 Rg6 25. Rf2 Rh6 26. Qc3 Nf6 27. Kf1 Rh2 28. Ne1 Qg3
29. Ke2 Bc8 30. Qd2 Ng4 31. fxg4 Bxg4+ 32. Nf3 Bxf3+ 33. Ke1 Rh1+ 34. Bf1 Bxg2
35. Ke2 Bf3+ 36. Ke1 Bxe4 37. Ke2 Bf3+ 38. Ke1 e4 39. Qc3 Re5 40. axb6 e3 41.
Qc2 Reh5 0-1

[Event "40th World Junior Girls"]
[Site "Gandhinagar IND"]
[Date "2024.06.06"]
[Round "5.8"]
[White "Rakshitta, Ravi"]
[Black "Shohradova, Lala"]
[Result "1/2-1/2"]
[WhiteTitle "WGM"]
[BlackTitle "WFM"]
[WhiteElo "2271"]
[BlackElo "2000"]
[WhiteFideId "25073230"]
[BlackFideId "14004089"]
[EventDate "2024.06.02"]

1. e4 e6 2. d4 d5 3. Bd3 c5 4. exd5 Qxd5 5. Nc3 Qd8 6. Nf3 cxd4 7. Nxd4 Nf6 8.
Bf4 a6 9. Nf3 Nc6 10. Qe2 Bd6 11. Bxd6 Qxd6 12. O-O-O b5 13. Kb1 Qc7 14. g4 Bb7
15. g5 Nh5 16. Be4 O-O 17. Nd4 Nxd4 18. Bxh7+ Kxh7 19. Qxh5+ Kg8 20. Rxd4 g6 21.
Qh6 Qe5 22. Rhd1 Bf3 23. Rh4 Bh5 24. Ne4 Qxe4 25. Rxe4 Bxd1 26. Qh3 Rfd8 27. Qe3
Bg4 28. a3 Bf5 29. Rh4 Rd5 30. Rd4 Rc8 31. Rd2 Rxc2 32. Rxc2 Rd1+ 33. Qc1 Bxc2+
34. Kxc2 Rxc1+ 35. Kxc1 Kf8 36. Kc2 Ke7 37. Kc3 Kd6 38. Kd4 e5+ 39. Ke4 a5 40.
h4 Ke6 41. b4 axb4 42. axb4 Kd6 43. Kd3 Kc6 44. Ke4 Kd6 45. Kd3 Kd5 46. f3 Ke6
47. Ke4 Kd6 48. Ke3 Kd5 49. Kd3 Kd6 50. Ke3 Ke7 51. Ke4 Ke6 1/2-1/2

[Event "40th World Junior Girls"]
[Site "Gandhinagar IND"]
[Date "2024.06.06"]
[Round "5.9"]
[White "Sachi Jain"]
[Black "Agajanova, Meryem"]
[Result "1-0"]
[WhiteTitle "WFM"]
[BlackTitle "WCM"]
[WhiteElo "2124"]
[BlackElo "1955"]
[WhiteFideId "25974050"]
[BlackFideId "14005930"]
[EventDate "2024.06.02"]

1. e4 e6 2. d3 d5 3. Nd2 Nf6 4. Ngf3 c5 5. g3 g6 6. Bg2 Bg7 7. O-O O-O 8. Re1
Nc6 9. Qe2 a5 10. Nf1 b6 11. e5 Nd7 12. Bf4 Ba6 13. h4 h5 14. N1h2 c4 15. dxc4
Bxc4 16. Qe3 Rc8 17. g4 d4 18. Nxd4 Ndxe5 19. Nxc6 Nxc6 20. Rad1 Qf6 21. c3 Bxa2
22. Rd6 Nb8 23. Bg5 Qe5 24. Qxe5 Bxe5 25. Rxe5 f6 26. Bxf6 Rxf6 27. gxh5 Rcf8
28. Ng4 Rf4 29. Rg5 Bb1 30. Rxe6 Nd7 31. Bd5 Kh8 32. hxg6 Rg8 33. Re7 1-0

[Event "40th World Junior Girls"]
[Site "Gandhinagar IND"]
[Date "2024.06.06"]
[Round "5.10"]
[White "Grozdanovic, Anastasia"]
[Black "Gasparyan, Milena"]
[Result "1/2-1/2"]
[WhiteTitle "WFM"]
[WhiteElo "2108"]
[BlackElo "1909"]
[WhiteFideId "979996"]
[BlackFideId "13311670"]
[EventDate "2024.06.02"]

1. d4 Nf6 2. c4 e6 3. Nf3 d5 4. Nc3 Be7 5. Bg5 Ne4 6. Bxe7 Qxe7 7. Qc2 Nxc3 8.
Qxc3 O-O 9. e3 c6 10. Bd3 Nd7 11. O-O dxc4 12. Bxc4 c5 13. Rfd1 b6 14. Bb5 cxd4
15. Nxd4 Nc5 16. b4 Ne4 17. Qd3 Nf6 18. Nc6 Qc7 19. Rac1 a6 20. Nd4 Qe7 21. Bc6
Bb7 22. a4 Bxc6 23. Nxc6 Qb7 24. Qd6 Rfe8 25. Ne5 Re7 26. Rc6 Ne4 27. Qd4 f6 28.
Rxb6 Qd5 29. Nc6 Rc7 30. Qxd5 exd5 31. Rxd5 Nc3 32. Ra5 Rac8 33. b5 axb5 34.
axb5 Nxb5 35. Rbxb5 Rxc6 36. g3 R8c7 37. h4 g6 38. Rb8+ Kg7 39. Rab5 h5 40. Kg2
Rd7 41. R8b7 Rcc7 42. Rxc7 Rxc7 43. Rb6 Re7 44. Kf3 Kf7 45. Kf4 Kg7 46. f3 Kf7
47. e4 Kg7 48. Rb5 Rc7 49. g4 hxg4 50. fxg4 Rc1 51. g5 Rf1+ 52. Ke3 Re1+ 53. Kd3
fxg5 54. hxg5 Rd1+ 55. Ke3 Kf7 56. Kf4 Rg1 57. Rb7+ Ke6 58. Rb6+ Kf7 59. Ra6 Rb1
60. Ke5 Rb5+ 61. Kd6 Rxg5 62. e5 Rg1 63. e6+ Kf6 64. Kd7 Re1 65. e7+ Kf7 66.
Rxg6 Rxe7+ 67. Kd6 Kxg6 68. Kxe7 1/2-1/2

[Event "40th World Junior Girls"]
[Site "Gandhinagar IND"]
[Date "2024.06.06"]
[Round "5.11"]
[White "Chinnam, Vyshnavi"]
[Black "Mrittika Mallick"]
[Result "0-1"]
[WhiteTitle "WCM"]
[WhiteElo "1830"]
[BlackElo "2076"]
[WhiteFideId "35061690"]
[BlackFideId "25902997"]
[EventDate "2024.06.02"]

1. e4 c5 2. Nc3 Nc6 3. Bb5 Nd4 4. Nf3 Nxb5 5. Nxb5 a6 6. Nc3 d6 7. d4 cxd4 8.
Qxd4 e5 9. Qd3 h6 10. Nd2 Nf6 11. Nc4 Be6 12. Ne3 Rc8 13. Bd2 Be7 14. O-O-O Qc7
15. g3 O-O 16. f4 b5 17. f5 Bc4 18. Nxc4 Qxc4 19. Qxc4 Rxc4 20. b3 Rc5 21. Kb2
Rfc8 22. Rc1 Bd8 23. a3 Bb6 24. Rhe1 Bd8 25. Re2 R5c6 26. Nd1 Bb6 27. Be3 Ba5
28. Bg1 Kf8 29. h3 Bc3+ 30. Ka2 h5 31. Bf2 a5 32. Nxc3 Rxc3 33. Be1 Rf3 34. Rd1
Ke7 35. Rdd2 Rf1 36. Kb2 a4 37. Rd3 Rc6 38. Rc3 Kd7 39. Ree3 Rh1 40. Rxc6 Kxc6
41. h4 Rf1 42. bxa4 bxa4 43. Bb4 Rf2 44. Be1 Rg2 45. Bb4 Rg1 46. Rc3+ Kd7 47.
Re3 Rf1 48. Be1 Ng4 49. Re2 Rf3 50. Bb4 Ne3 51. Kc3 Nxf5+ 52. Kc4 Nxg3 53. Re1
Kc6 54. c3 Rf4 0-1